Put the Alphabet Back into the Country Names - Statistics

General Stats
  • This quiz has been taken 66,321 times
  • The average score is 22 of 26
Answer Stats
Hint Answer % Correct
Uraine K
90%
Idia N
90%
Meico X
90%
Fii J
89%
Bangadesh L
89%
Botwana S
89%
El Salador V
89%
New Zeland A
88%
Alania B
88%
Brail Z
88%
Afghanstan I
87%
Oan M
87%
Suan D
85%
Siera Leone R
85%
Liba Y
85%
Too G
84%
Atar Q
84%
Antiga and Barbuda U
84%
Seychells E
83%
Moroco C
81%
Inland F
81%
Kazakstan H
81%
Sama O
81%
Saint Kits and Nevis T
80%
Malai W
80%
Philipines P
76%
No matching quizzes found
Score Distribution
Percent of People with Each Score
Percentile by Number Answered
Your Score History
You have not taken this quiz